[Event "68th HUN-ch Men 2018"]
[Site "Budapest"]
[Date "2018.12.13"]
[Round "4.6"]
[White "Banusz, Tamas"]
[Black "Gledura, Benjamin"]
[Result "1-0"]
[WhiteElo "2612"]
[BlackElo "2621"]
[Annotator "TA"]
[PlyCount "91"]
[EventDate "2018.??.??"]
[EventCountry "HUN"]
[SourceTitle "playchess.com"]
[Source "ChessBase"]
[SourceQuality "1"]

{[%evp 14,91,18,-22,7,10,18,-2,14,1,-2,-22,47,-10,-4,-6,-13,-16,0,-16,5,-22,0,-17,49,-38,-12,-12,-12,-12,-17,-47,-24,-22,0,0,0,0,38,29,157,158,165,165,154,158,148,83,126,131,154,154,152,144,221,209,191,127,243,222,220,175,412,379,332,325,413,382,991,629,29982,29983,29983,29984,29984,29985,29982,29983,29996,29997]} 1. d4 g6 2. Nf3 Bg7 3. g3 c5 4. c3 b6 5. Bg2 Bb7 6. O-O Nf6 7. Bg5 {A49: 1 d4 Nf6 2 Nf3 g6 3 g3: Anti-King's Indian systems} O-O 8. Nbd2 {LiveBook: 7 Games} (8. d5 $5) 8... h6 (8... d6 9. Bxf6 Bxf6 10. e3 Nd7 11. a4 d5 {0-1 (67) Carlsen,M (2857)-Grischuk,A (2754) chess.com INT 2016}) 9. Bxf6 {The position is equal.} Bxf6 10. e3 $146 ({Predecessor:} 10. e4 cxd4 11. cxd4 Bg7 12. Rc1 d5 13. e5 Nc6 14. a3 Qd7 {0-1 (60) Rausch,S (2280)-Panzalovic,S (2445) Germany 2016}) 10... h5 11. Ne1 {[%cal Bf3e1,Be1d3,Bd3e5][%mdl 32]} d5 12. Nd3 Nc6 (12... Nd7 $11) 13. f4 (13. dxc5 $14 e6 14. c4) 13... Ba6 $11 14. Nf3 e6 15. Rf2 Ne7 16. Nde5 Nf5 17. Qe1 Nd6 18. Nd2 h4 (18... Rc8 $11) 19. Bf1 (19. e4 $14) 19... Bxf1 (19... hxg3 {is interesting.} 20. hxg3 Bb7 21. a4 Kg7 22. a5 Rc8) 20. Rxf1 hxg3 21. hxg3 Kg7 22. Kg2 Rh8 23. Qe2 Bxe5 24. fxe5 Nf5 {aiming for ...Qg5.} 25. Nf3 Rh6 26. Rh1 Qh8 (26... Qe7 $11) 27. Qf2 $1 $16 g5 28. g4 {[%cal Bg3g4,Bg4g5][%mdl 32]} (28. Nxg5 $6 Rg8 $14) 28... Nh4+ 29. Nxh4 gxh4 30. Kh3 (30. Raf1 $142 {[%csl Gf1][%cal Rf2f7]} Rf8 31. Rxh4 $1 {[%mdl 512]}) 30... Qh7 31. Raf1 $36 {[%mdl 2048] Threatens to win with g5. White is on the roll.} Rf8 32. g5 Rg6 33. Rhg1 (33. Qxh4 $6 Rxg5 34. Rhg1 Qxh4+ 35. Kxh4 Rg6 $11) 33... Qh5 (33... Kg8 $16 {was called for.} 34. Qxh4 Qxh4+ 35. Kxh4 Kg7) 34. Rg4 $18 {And now Rfg1 would win.} Kg8 35. Qf4 (35. Rfg1 $18 Rg7 36. Rxh4) 35... Kg7 (35... Rg7 $16) 36. Rfg1 Rh8 37. a4 ({Don't do} 37. Rxh4 $6 Qxh4+ 38. Qxh4 Rxh4+ 39. Kxh4 Kf8) 37... c4 $2 (37... Qh7 38. a5 (38. Rxh4 Qxh4+ 39. Qxh4 Rxh4+ 40. Kxh4 c4 $16) 38... c4 39. axb6 (39. Rxh4 Qxh4+ 40. Qxh4 bxa5 $16) 39... axb6) 38. e4 dxe4 39. Qxe4 a6 40. Qc6 Kh7 $2 (40... b5 41. axb5 axb5 42. Qxb5 Rc8) 41. Qxc4 Rxg5 42. Rxg5 {[%cal Rg5h5] White mates.} Qf3+ 43. Kh2 Qf4+ {[#]} 44. Kh1 $1 Qf3+ {[#]} 45. R1g2 $1 h3 {[#]} 46. Qd3+ $1 {[%mdl 512] Precision: White = 48%, Black = 25%.} 1-0